|
|
|
|
| LEADER |
01046nam a22002297a 4500 |
| 001 |
AAL4140 |
| 003 |
BD-DhAAL |
| 005 |
20160203113823.0 |
| 008 |
160203m20011989xxua|||| |||| 001 0 ben d |
| 020 |
|
|
|a 812500954X
|
| 040 |
|
|
|a BD-DhAAL
|c BD-DhAAL
|
| 082 |
|
|
|a 954.1
|
| 245 |
|
|
|a ভারত স্বাধীন হল /
|c মৌলানা আবুল কালাম আজাদ, অনুবাদ সুভাষ মুখোপাধ্যায়
|
| 260 |
|
|
|a কলকাতা :
|b ওরিয়েণ্ট লংম্যান,
|c ২০০১.
|
| 300 |
|
|
|a ২৬২ পৃ. :
|b চিত্র ;
|c ২২ সে.মি.
|
| 541 |
|
|
|e 4140
|
| 650 |
|
|
|a Bengal (India)
|x History.
|9 17699
|
| 700 |
|
|
|a আজাদ, আবুল কালাম
|9 17700
|
| 700 |
|
|
|a মুখোপাধ্যায়, সুভাষ
|9 17701
|
| 942 |
|
|
|2 ddc
|c BK
|
| 999 |
|
|
|c 36757
|d 36757
|
| 952 |
|
|
|0 0
|1 0
|2 ddc
|4 0
|6 954_100000000000000_BHA
|7 0
|9 57840
|a SCL
|b SCL
|c GEN
|d 2016-02-03
|l 4
|m 8
|o 954.1 BHA
|p 3020004140
|r 2025-03-23
|s 2025-03-08
|t 1
|w 2016-02-03
|y BK
|